| 000 | 00489nam a2200181Ia 4500 | ||
|---|---|---|---|
| 008 | 090124s9999 xx 000 0 und d | ||
| 082 | _b3461 | ||
| 100 | _aRAJNEESH ACHARYA | ||
| 245 | _aL S D : A SHORTCUT TO FALSE SAMADHI | ||
| 250 | _a0 | ||
| 260 |
_bJEEVAN JAGRUTI KENDRA _c1971 |
||
| 300 | _a25 | ||
| 600 | _aRAJNEESH ACHARYA | ||
| 630 | _aL S D : A SHORTCUT TO FALSE SAMADHI | ||
| 700 | _aRAJNEESH ACHARYA | ||
| 730 | _aL S D : A SHORTCUT TO FALSE SAMADHI | ||
| 942 | _cBOOK | ||
| 999 |
_c83320 _d83320 |
||